[Event "Lublin Chmielewski Memorial"]
[Site "Lublin"]
[Date "2013.12.28"]
[Round "3"]
[White "Chlewinski, Artur"]
[Black "Krasowski, Piotr"]
[Result "0-1"]
[WhiteElo "1666"]
[BlackElo "1865"]
[PlyCount "94"]
[EventDate "2013.12.27"]
[EventType "swiss"]
[EventRounds "7"]
[EventCountry "POL"]
[SourceTitle "CBM 158 Extra"]
[Source "ChessBase"]
[SourceDate "2014.02.28"]
[SourceVersion "1"]
[SourceVersionDate "2014.02.28"]
[SourceQuality "1"]

1. d4 g6 2. e4 Bg7 3. Be3 c5 4. c3 cxd4 5. Bxd4 Bxd4 6. Qxd4 Nf6 7. e5 Nc6 8. Qf4 Qb6 9. b3 Qc7 10. Nf3 Nh5 11. Qe3 Ng7 12. g4 d5 13. exd6 Qxd6 14. h3 h5 15. Bg2 hxg4 16. hxg4 Rxh1+ 17. Bxh1 Bxg4 18. Qh6 0-0-0 19. Nbd2 Nf5 20. Qg5 Qe6+ 21. Kf1 Rh8 22. Kg1 Bxf3 23. Bxf3 Qd6 24. Nc4 Qh2+ 25. Kf1 Qh3+ 26. Qg2 Qxg2+ 27. Bxg2 Kc7 28. Ke2 f6 29. Rh1 Nh4 30. Be4 g5 31. Ne3 e6 32. Ng2 f5 33. Bf3 Ng6 34. Rxh8 Nxh8 35. Ke3 Ng6 36. Be2 Kd6 37. b4 Nge7 38. a3 Nd5+ 39. Kd2 Nf6 40. f4 g4 41. Bd3 Nh5 42. Ke3 Ne7 43. c4 b6 44. Nh4 a5 45. c5+ bxc5 46. bxa5 Nd5+ 47. Kf2 Nhxf4 0-1

[Event "Lublin Chmielewski Memorial"]
[Site "Lublin"]
[Date "2013.12.27"]
[Round "1"]
[White "Mazurek, Jakub"]
[Black "Krasowski, Piotr"]
[Result "0-1"]
[WhiteElo "1395"]
[BlackElo "1865"]
[PlyCount "62"]
[EventDate "2013.12.27"]
[EventType "swiss"]
[EventRounds "7"]
[EventCountry "POL"]
[SourceTitle "CBM 158 Extra"]
[Source "ChessBase"]
[SourceDate "2014.02.28"]
[SourceVersion "1"]
[SourceVersionDate "2014.02.28"]
[SourceQuality "1"]

1. e4 e5 2. Nf3 Nc6 3. Bc4 Nf6 4. d3 h6 5. 0-0 d6 6. h3 Na5 7. Bb3 Be7 8. c3 Nxb3 9. Qxb3 0-0 10. Be3 b6 11. Nbd2 Ba6 12. Qc2 Nh5 13. Rfd1 c5 14. a3 Bc8 15. d4 exd4 16. cxd4 Qe8 17. Nc4 f5 18. Qb3 Qf7 19. e5 d5 20. Nd6 Bxd6 21. exd6 c4 22. Qb4 f4 23. Ne5 Qf5 24. Bd2 Bd7 25. b3 b5 26. Qc5 Nf6 27. bxc4 Rfc8 28. Qb4 bxc4 29. Rab1 Rab8 30. Qxb8 Rxb8 31. Rxb8+ Kh7 0-1

[Event "Lublin Gerlecka Memorial 3rd"]
[Site "Lublin"]
[Date "2013.08.??"]
[Round "1.4"]
[White "Krasowski, Piotr"]
[Black "Szczepaniak, Lukasz1"]
[Result "1-0"]
[WhiteElo "1826"]
[BlackElo "2020"]
[PlyCount "109"]
[EventDate "2013.08.06"]
[EventType "swiss"]
[EventRounds "9"]
[EventCountry "POL"]
[SourceTitle "EXT 2023"]
[Source "ChessBase"]
[SourceDate "2022.10.05"]
[SourceVersion "1"]
[SourceVersionDate "2022.10.05"]
[SourceQuality "1"]

1. e4 e5 2. Nc3 Bc5 3. Nf3 d6 4. Na4 Nd7 5. d3 Ngf6 6. Bg5 a6 7. Nxc5 Nxc5 8. Qd2 Ne6 9. Be2 h6 10. Be3 Bd7 11. h3 Qe7 12. Qb4 Bc6 13. g3 Nd7 14. Nh4 g6 15. 0-0-0 0-0-0 16. Rhe1 Rde8 17. Qc3 Ng5 18. f3 Nxh3 19. d4 Nb8 20. d5 Bb5 21. Bxb5 axb5 22. Qa5 Na6 23. Rd3 Nf4 24. Rb3 b4 25. gxf4 Qxh4 26. Rd1 exf4 27. Bd4 Rh7 28. a3 f5 29. axb4 fxe4 30. b5 Nb8 31. Qa8 e3 32. Ba7 e2 33. Rbd3 exd1Q+ 34. Rxd1 Kd7 35. Qxb7 Qd8 36. Rd4 Qc8 37. Qa8 h5 38. Rc4 h4 39. b6 h3 40. Rxc7+ Qxc7 41. bxc7 h2 42. cxb8N+ Rxb8 43. Qc6+ Kd8 44. Qxd6+ Ke8 45. Qxb8+ Kf7 46. Qxf4+ Kg8 47. Qb8+ Kf7 48. Qc7+ Kg8 49. Qd8+ Kf7 50. Qd7+ Kg8 51. Qe8+ Kg7 52. Bd4+ Kh6 53. Qe1 g5 54. Qh1 Kg6 55. Be5 1-0

[Event "Lublin Gerlecka Memorial 3rd"]
[Site "Lublin"]
[Date "2013.08.??"]
[Round "7.1"]
[White "Polkowski, Piotr"]
[Black "Krasowski, Piotr"]
[Result "1-0"]
[WhiteElo "2186"]
[BlackElo "1826"]
[PlyCount "60"]
[EventDate "2013.08.06"]
[EventType "swiss"]
[EventRounds "9"]
[EventCountry "POL"]
[SourceTitle "EXT 2023"]
[Source "ChessBase"]
[SourceDate "2022.10.05"]
[SourceVersion "1"]
[SourceVersionDate "2022.10.05"]
[SourceQuality "1"]

1. e4 g6 2. d4 Bg7 3. Nf3 c5 4. dxc5 Qa5+ 5. c3 Qxc5 6. Be3 Qc7 7. Bd3 Nc6 8. 0-0 Nf6 9. Na3 Ng4 10. Bd2 h5 11. h3 Nce5 12. Bf4 Nxf3+ 13. Qxf3 Be5 14. Nb5 Qb8 15. Bxe5 Nxe5 16. Qe3 a6 17. Nd4 d6 18. Be2 Qa7 19. Rad1 Bd7 20. Rd2 Nc6 21. Rfd1 Nxd4 22. Rxd4 f6 23. Bc4 0-0-0 24. Bd5 Bb5 25. a4 Bc6 26. Qf3 Kd7 27. Bf7 f5 28. Bxg6 Rdf8 29. Bxf5+ Kc7 30. Qe3 Rf6 1-0

[Event "Lublin Gerlecka Memorial 3rd"]
[Site "Lublin"]
[Date "2013.08.??"]
[Round "8.2"]
[White "Praszak, Michal"]
[Black "Krasowski, Piotr"]
[Result "1-0"]
[WhiteElo "2123"]
[BlackElo "1826"]
[PlyCount "65"]
[EventDate "2013.08.06"]
[EventType "swiss"]
[EventRounds "9"]
[EventCountry "POL"]
[SourceTitle "EXT 2023"]
[Source "ChessBase"]
[SourceDate "2022.10.05"]
[SourceVersion "1"]
[SourceVersionDate "2022.10.05"]
[SourceQuality "1"]

1. e4 g6 2. d4 Bg7 3. Nf3 c5 4. d5 d6 5. h3 Qb6 6. c3 Nf6 7. Nbd2 Nfd7 8. Nc4 Qc7 9. a4 Nb6 10. Ne3 N6d7 11. a5 Ne5 12. Nxe5 Bxe5 13. Nc4 Nd7 14. Bh6 Bf6 15. Be2 Qd8 16. Qa4 Rg8 17. f4 Bh4+ 18. Kd2 g5 19. f5 Bg3 20. Rhf1 Bf4+ 21. Kc2 e6 22. fxe6 Rg6 23. Rxf4 gxf4 24. Nxd6+ Ke7 25. Nf5+ Kf6 26. exd7 Bxd7 27. e5+ Kxe5 28. Qxf4+ Kf6 29. Nh4+ Ke7 30. Nxg6+ Ke8 31. Qe5+ Be6 32. Bb5+ Qd7 33. Qh8# 1-0

[Event "POL-chT Otwarta Lubelska"]
[Site "Wojewodztwo Lubelskie"]
[Date "2013.01.20"]
[Round "6.18"]
[White "Krasowski, Piotr"]
[Black "Wegrzyniak, Pawel"]
[Result "1-0"]
[WhiteElo "1815"]
[BlackElo "1412"]
[PlyCount "95"]
[EventDate "2013.01.06"]
[EventType "team-tourn"]
[EventRounds "14"]
[EventCountry "POL"]
[SourceTitle "EXT 2020"]
[Source "ChessBase"]
[SourceDate "2019.10.17"]
[SourceVersion "1"]
[SourceVersionDate "2019.10.17"]
[SourceQuality "1"]
[WhiteTeam "Lublin Drakon"]
[BlackTeam "Podlaski MUKS Miedzyrzec"]
[WhiteTeamCountry "POL"]
[BlackTeamCountry "POL"]

1. d4 d5 2. Nf3 Nf6 3. Bf4 e6 4. e3 Bd6 5. Nbd2 0-0 6. Ne5 c6 7. Bd3 Qc7 8. Ndf3 Nbd7 9. c3 c5 10. 0-0 c4 11. Bc2 h6 12. h3 Ne4 13. Re1 b6 14. Rc1 Re8 15. Ba4 a6 16. Bc6 Rb8 17. Bxd7 Bxd7 18. Nd2 Nf6 19. Qf3 h5 20. Bg5 Bxe5 21. dxe5 Qxe5 22. Bf4 Qf5 23. Bxb8 Qxf3 24. Nxf3 Rxb8 25. Ne5 Rd8 26. e4 Nxe4 27. Rxe4 dxe4 28. Rd1 b5 29. Kf1 Kf8 30. Rxd7 Rxd7 31. Nxd7+ Ke7 32. Nc5 a5 33. Nxe4 f5 34. Nd2 Kd6 35. a4 Kc5 36. axb5 Kxb5 37. f4 Kc5 38. Kf2 a4 39. Ke3 Kd5 40. h4 g6 41. g3 Kc5 42. Nf3 Kd5 43. Ne5 Kc5 44. Nxg6 Kd5 45. Ne5 Kc5 46. Nd7+ Kd6 47. Nf6 Ke7 48. Nxh5 1-0

[Event "Lublin Gerlecka Memorial 2nd"]
[Site "Lublin"]
[Date "2012.08.07"]
[Round "3.8"]
[White "Fraczek, Weronika"]
[Black "Krasowski, Piotr"]
[Result "0-1"]
[WhiteElo "1309"]
[BlackElo "1795"]
[PlyCount "60"]
[EventDate "2012.08.07"]
[EventType "swiss"]
[EventRounds "9"]
[EventCountry "POL"]
[SourceTitle "EXT 2023"]
[Source "ChessBase"]
[SourceDate "2022.10.05"]
[SourceVersion "1"]
[SourceVersionDate "2022.10.05"]
[SourceQuality "1"]

1. e4 e5 2. Nf3 Nf6 3. Nxe5 d6 4. Nf3 Nxe4 5. Qe2 Qe7 6. d3 Nf6 7. Bg5 Be6 8. Nc3 c6 9. Ne4 Nbd7 10. Nd4 h6 11. Nxf6+ Nxf6 12. Bd2 Bg4 13. Qxe7+ Bxe7 14. Be2 Bd7 15. 0-0-0 0-0 16. Rhe1 Rfe8 17. h3 c5 18. Nf3 Be6 19. c4 b5 20. b3 a5 21. Kc2 a4 22. Ra1 b4 23. Be3 Nd7 24. d4 Bf6 25. Rab1 axb3+ 26. axb3 Bf5+ 27. Bd3 Ra2+ 28. Rb2 Bxd3+ 29. Kc1 Rxb2 30. Kxb2 cxd4 0-1

[Event "Lublin op 4th"]
[Site "Lublin"]
[Date "2012.??.??"]
[Round "7"]
[White "Bednarczyk, Sylwester"]
[Black "Krasowski, Piotr"]
[Result "0-1"]
[WhiteElo "1494"]
[BlackElo "1800"]
[PlyCount "31"]
[EventDate "2012.06.04"]
[EventType "swiss"]
[EventRounds "9"]
[EventCountry "POL"]
[SourceTitle "EXT 2014"]
[Source "ChessBase"]
[SourceDate "2013.11.20"]
[SourceVersion "1"]
[SourceVersionDate "2013.11.20"]
[SourceQuality "1"]

1. e4 e6 2. d4 d5 3. Nc3 Nf6 4. Bg5 Be7 5. exd5 exd5 6. Bd3 Nc6 7. Nge2 Bg4 8. f3 Be6 9. a3 Nh5 10. Be3 a6 11. Qd2 Bd6 12. 0-0-0 Qe7 13. Na2 Nf6 14. Bf4 0-0 15. Bxd6 Qxd6 16. g4 0-1

[Event "Lublin op 4th"]
[Site "Lublin"]
[Date "2012.??.??"]
[Round "9"]
[White "Krasowski, Piotr"]
[Black "Czerw, Dawid"]
[Result "0-1"]
[WhiteElo "1800"]
[BlackElo "1853"]
[PlyCount "124"]
[EventDate "2012.06.04"]
[EventType "swiss"]
[EventRounds "9"]
[EventCountry "POL"]
[SourceTitle "EXT 2014"]
[Source "ChessBase"]
[SourceDate "2013.11.20"]
[SourceVersion "1"]
[SourceVersionDate "2013.11.20"]
[SourceQuality "1"]

1. e4 e6 2. d4 d5 3. exd5 exd5 4. Nf3 Bd6 5. Bd3 Nf6 6. Qe2+ Qe7 7. Qxe7+ Kxe7 8. 0-0 h6 9. Nc3 c6 10. Nh4 Re8 11. Re1+ Kf8 12. Rxe8+ Nxe8 13. Bd2 Nf6 14. Re1 b6 15. Nf5 Bxf5 16. Bxf5 Na6 17. a3 Nc7 18. a4 Kg8 19. g3 g6 20. Bh3 Kg7 21. a5 b5 22. Kf1 Na6 23. Bg2 Rd8 24. h3 Nh7 25. Ne2 Re8 26. Nf4 Rxe1+ 27. Kxe1 Nb4 28. Kd1 g5 29. Nh5+ Kg6 30. g4 Nf6 31. Ng3 Na6 32. c3 Ng8 33. Nf5 Bc7 34. b4 Kf6 35. Bf1 Nb8 36. Bd3 Nd7 37. Ng3 Bxg3 38. fxg3 Ne7 39. Ke2 a6 40. Kf3 Nf8 41. Be3 Ne6 42. Bd2 Nd8 43. Be3 Nb7 44. h4 Nd6 45. hxg5+ hxg5 46. Bf2 Kg7 47. Be3 Kh6 48. Bd2 Ng8 49. Be3 Nf6 50. Bd2 Nfe8 51. Bc1 Nf6 52. Bd2 Nfe4 53. Be1 Kg6 54. Bc2 Kf6 55. Bd3 Ke6 56. Bc2 Nc4 57. Bxe4 dxe4+ 58. Kxe4 Nd6+ 59. Kd3 Kd5 60. Bd2 Ne4 61. Be1 Nf6 62. Bd2 Nxg4 0-1

[Event "Lublin Chmielewski Memorial"]
[Site "Lublin"]
[Date "2012.??.??"]
[Round "4"]
[White "Krasowski, Piotr"]
[Black "Pikulinski, Janusz"]
[Result "1-0"]
[WhiteElo "1815"]
[BlackElo "1967"]
[PlyCount "95"]
[EventDate "2012.12.27"]
[EventType "swiss"]
[EventRounds "7"]
[EventCountry "POL"]
[SourceTitle "CBM 152 Extra"]
[Source "ChessBase"]
[SourceDate "2013.02.25"]
[SourceVersion "1"]
[SourceVersionDate "2013.02.25"]
[SourceQuality "1"]

1. d4 d5 2. Nf3 Nf6 3. Bf4 e6 4. e3 Be7 5. Nbd2 0-0 6. Bd3 Nbd7 7. h3 c5 8. c3 Re8 9. 0-0 Nf8 10. Ne5 Ng6 11. Bh2 Bd6 12. f4 Ne7 13. g4 g6 14. Bg3 Nc6 15. Bh4 Be7 16. g5 Nxe5 17. gxf6 Nxd3 18. fxe7 Qb6 19. Qc2 c4 20. b3 Qc6 21. a4 b6 22. b4 Kg7 23. Nf3 f6 24. Qg2 Qd7 25. Ne5 fxe5 26. fxe5 Rxe7 27. Bf6+ Kg8 28. Bxe7 Qxe7 29. Rf6 a6 30. Raf1 Bd7 31. Qg5 Re8 32. h4 Qg7 33. h5 gxh5 34. Qxg7+ Kxg7 35. Rf7+ Kh6 36. R1f6+ Kg5 37. Rxd7 Rg8 38. Kh2 Rg6 39. Rdf7 Nc1 40. Rf2 Nd3 41. Rf1 Kh4 42. R7f3 Rg4 43. a5 b5 44. Rh3+ Kg5 45. Rg3 Kh4 46. Rg2 Re4 47. Rf3 Ne1 48. Rh3# 1-0

[Event "Lublin op"]
[Site "Lublin"]
[Date "2011.12.30"]
[Round "7"]
[White "Rastropin, Yuriy"]
[Black "Krasowski, Piotr"]
[Result "0-1"]
[WhiteElo "1624"]
[BlackElo "1758"]
[PlyCount "56"]
[EventDate "2011.12.27"]
[EventType "swiss"]
[EventRounds "7"]
[EventCountry "POL"]
[SourceTitle "CBM 146 Extra"]
[Source "ChessBase"]
[SourceDate "2012.02.29"]
[SourceVersion "1"]
[SourceVersionDate "2012.02.29"]
[SourceQuality "1"]

1. d4 Nf6 2. c4 g6 3. Nc3 Bg7 4. e4 d6 5. Nf3 0-0 6. Be2 Nc6 7. 0-0 e5 8. d5 Ne7 9. b4 Nd7 10. Re1 f5 11. Ng5 Nf6 12. Bf1 h6 13. Nf3 Kh7 14. Nd2 f4 15. c5 g5 16. f3 g4 17. a4 Ng6 18. Ba3 c6 19. cxd6 cxd5 20. exd5 e4 21. fxe4 Ne5 22. Kh1 g3 23. h3 Nfg4 24. Qc2 Nf2+ 25. Kg1 Qb6 26. Ne2 Nxh3+ 27. Kh1 Qg1+ 28. Nxg1 Nf2# 0-1

[Event "Miedzyrzec Podlaski op 2nd"]
[Site "Miedzyrzec Podlaski"]
[Date "2011.07.12"]
[Round "3"]
[White "Filewicz, Przemyslaw"]
[Black "Krasowski, Piotr"]
[Result "0-1"]
[WhiteElo "1503"]
[BlackElo "1771"]
[PlyCount "44"]
[EventDate "2011.07.11"]
[EventType "swiss"]
[EventRounds "9"]
[EventCountry "POL"]
[SourceTitle "EXT 2012"]
[Source "ChessBase"]
[SourceDate "2011.11.24"]
[SourceVersion "1"]
[SourceVersionDate "2011.11.24"]
[SourceQuality "1"]

1. e4 e5 2. d4 exd4 3. c3 dxc3 4. Nf3 Bc5 5. Bc4 d6 6. 0-0 Nf6 7. Nxc3 Bg4 8. e5 Bxf3 9. Qxf3 dxe5 10. Qxb7 Nbd7 11. Nd5 0-0 12. Bg5 h6 13. Bxf6 Nxf6 14. Rad1 Bd6 15. f4 Ng4 16. fxe5 Bc5+ 17. Kh1 Qh4 18. h3 Qg3 19. Ne7+ Kh8 20. Ng6+ fxg6 21. Rxf8+ Rxf8 22. hxg4 Qh4# 0-1

[Event "Lublin Region-ch"]
[Site "Lublin"]
[Date "2008.02.09"]
[Round "1.10"]
[White "Krasowski, Piotr"]
[Black "Dziubinski, Pawel"]
[Result "0-1"]
[WhiteElo "1686"]
[BlackElo "2024"]
[PlyCount "60"]
[EventDate "2008.02.08"]
[EventType "swiss"]
[EventRounds "9"]
[EventCountry "POL"]
[SourceTitle "EXT 2023"]
[Source "ChessBase"]
[SourceDate "2022.10.05"]
[SourceVersion "1"]
[SourceVersionDate "2022.10.05"]
[SourceQuality "1"]

1. e4 e6 2. f4 d5 3. e5 c5 4. Nf3 Nc6 5. Nc3 a6 6. a4 f6 7. Be2 Qc7 8. exf6 Nxf6 9. d3 Bd6 10. Qd2 0-0 11. 0-0 Bd7 12. Ng5 h6 13. Nh3 e5 14. fxe5 Bxe5 15. Nf4 Ne7 16. g3 g5 17. Ng2 Bd4+ 18. Kh1 Ng4 19. Bf3 Qd6 20. Nd1 Nf5 21. Nf4 Nge3 22. Nxe3 Nxe3 23. Rg1 gxf4 24. c3 Bg7 25. gxf4 d4 26. cxd4 cxd4 27. Qe2 Qxf4 28. Bd5+ Kh8 29. Bxe3 Qxe3 30. Qg2 Qg5 0-1